What If…? Characters - Statistics

General Stats
  • This quiz has been taken 32 times
    31 since last reset
  • The average score is 15 of 35
Answer Stats
Answer % Correct
Black Widow / Iron Man / Hulk / Hawkeye / Thor
83%
Captain Carter / Margaret Carter
74%
Winter Soldier / Bucky
74%
Black Panther / T’Challa
70%
Hank Pym / Yellowjacket
70%
Steve Rogers / HYDRA Stomper
70%
Thanos
70%
Nick Fury
65%
Doctor Strange / Strange Supreme
61%
Vision
57%
The Ancient One
52%
Wong
52%
Red Skull
48%
The Watcher
48%
The Watcher
48%
The Watcher
48%
The Watcher
48%
The Watcher
48%
Howard Stark
43%
Wasp
43%
Loki
39%
Sharon Carter
39%
Christine Palmer
30%
Happy
30%
Hulk
30%
The Collector
30%
Kurt
26%
T’Challa Star-Lord
26%
Yondu Udonta
26%
Coulson
22%
Zombies
22%
Korath
17%
Zombie Thanos
17%
Zombie Hunter Spider-Man
13%
Ant-Man’s Head
9%
No matching quizzes found
Score Distribution
Percent of People with Each Score
Percentile by Number Answered
Your Score History
You have not taken this quiz since the last reset